[Event "Wroclaw Anderssen Memorial"]
[Site "Wroclaw"]
[Date "2022.07.30"]
[Round "9"]
[White "Kulon, Boguslaw"]
[Black "Kokurewicz, Konrad"]
[Result "1-0"]
[WhiteElo "2066"]
[BlackElo "1675"]
[PlyCount "47"]
[EventDate "2022.07.30"]
[EventType "swiss (rapid)"]
[EventRounds "9"]
[EventCountry "POL"]
[SourceTitle "CBM 209 Extra"]
[Source "ChessBase"]
[SourceDate "2022.09.30"]
[SourceVersion "1"]
[SourceVersionDate "2022.09.30"]
[SourceQuality "1"]

1. e4 c5 2. d4 cxd4 3. c3 e5 4. Nf3 Nc6 5. Bc4 Qc7 6. 0-0 Nf6 7. Ng5 Nd8 8. Qb3 Ne6 9. cxd4 exd4 10. f4 h6 11. Nxf7 Kxf7 12. f5 Bd6 13. fxe6+ dxe6 14. g3 Re8 15. Bf4 Bxf4 16. Rxf4 Kg8 17. Nd2 Kh8 18. Raf1 a6 19. Qf3 Qe5 20. Bd3 b5 21. Qf2 Bd7 22. Nf3 Qc5 23. Nh4 Rac8 24. Rxf6 1-0

[Event "Wroclaw Anderssen Memorial"]
[Site "Wroclaw"]
[Date "2022.07.30"]
[Round "5"]
[White "Kulon, Boguslaw"]
[Black "Nowacka, Dorota"]
[Result "1/2-1/2"]
[WhiteElo "2066"]
[BlackElo "1719"]
[PlyCount "63"]
[EventDate "2022.07.30"]
[EventType "swiss (rapid)"]
[EventRounds "9"]
[EventCountry "POL"]
[SourceTitle "CBM 209 Extra"]
[Source "ChessBase"]
[SourceDate "2022.09.30"]
[SourceVersion "1"]
[SourceVersionDate "2022.09.30"]
[SourceQuality "1"]

1. e4 e6 2. d4 d5 3. e5 c5 4. c3 Nc6 5. Nf3 Qb6 6. a3 Bd7 7. b4 cxd4 8. cxd4 Nge7 9. Nc3 Nf5 10. Na4 Qd8 11. Bg5 f6 12. exf6 gxf6 13. Be3 Nxe3 14. fxe3 Bh6 15. Kf2 b6 16. Rc1 Rc8 17. Ba6 Rc7 18. Nc3 Ne7 19. Bd3 0-0 20. Re1 Qe8 21. Kg1 Kh8 22. Nh4 Rg8 23. Qf3 Bg5 24. Qg3 Rc8 25. Kh1 Qh5 26. Qd6 Bxh4 27. Qxe7 Bxe1 28. Qxf6+ Rg7 29. Nxd5 Rxc1 30. Qf8+ Rg8 31. Qf6+ Rg7 32. Qf8+ 1/2-1/2

[Event "Bydgoszcz PGNiG Rapid"]
[Site "Bydgoszcz"]
[Date "2021.09.18"]
[Round "2"]
[White "Janik, Igor"]
[Black "Kulon, Boguslaw"]
[Result "1-0"]
[WhiteElo "2484"]
[BlackElo "2115"]
[PlyCount "91"]
[EventDate "2021.09.18"]
[EventType "swiss (rapid)"]
[EventRounds "9"]
[EventCountry "POL"]
[SourceTitle "CBM 204 Extra"]
[Source "ChessBase"]
[SourceDate "2021.11.30"]
[SourceVersion "1"]
[SourceVersionDate "2021.11.30"]
[SourceQuality "1"]

1. e4 e6 2. Qe2 c5 3. Nf3 Nc6 4. g3 Nf6 5. Bg2 d5 6. exd5 Nxd5 7. 0-0 Be7 8. Rd1 Nb6 9. a4 a5 10. Nc3 0-0 11. d3 e5 12. Nb5 Bf6 13. c3 Qe7 14. Nd2 Bf5 15. Ne4 Rad8 16. Be3 Bxe4 17. Bxe4 g6 18. Qc2 Nd7 19. Na3 Bg5 20. Nc4 f5 21. Bxc6 bxc6 22. Bxg5 Qxg5 23. Qe2 f4 24. Qe4 f3 25. Ne3 Rf4 26. Qxc6 Nf6 27. Kf1 Rf8 28. Ke1 Rf5 29. h4 Qh5 30. Kd2 e4 31. Kc2 Ng4 32. Nxf5 Qxf5 33. dxe4 Qf7 34. Rd2 h5 35. Qd5 Re8 36. Qxf7+ Kxf7 37. Rd3 Rxe4 38. Rxf3+ Ke6 39. Rd1 c4 40. Rd4 Re2+ 41. Kb1 Nxf2 42. Rxc4 Nd1 43. Rc6+ Kd5 44. Rb6 Rg2 45. Rd3+ Ke5 46. Rxd1 1-0

[Event "Rubinstein Memorial op-C 57th"]
[Site "Polanica Zdroj"]
[Date "2021.08.18"]
[Round "5"]
[White "Kulon, Boguslaw"]
[Black "Marusenko, Petr"]
[Result "1/2-1/2"]
[WhiteElo "2117"]
[BlackElo "2077"]
[PlyCount "37"]
[EventDate "2021.08.14"]
[EventType "swiss"]
[EventRounds "9"]
[EventCountry "POL"]
[SourceTitle "EXT 2023"]
[Source "ChessBase"]
[SourceDate "2022.10.05"]
[SourceVersion "1"]
[SourceVersionDate "2022.10.05"]
[SourceQuality "1"]

1. e4 c5 2. d4 cxd4 3. c3 dxc3 4. Nxc3 Nc6 5. Nf3 e6 6. Bc4 d6 7. 0-0 Nf6 8. Qe2 Be7 9. Rd1 Qc7 10. Bf4 e5 11. Bg5 0-0 12. Bxf6 Bxf6 13. Nb5 Qb6 14. Rxd6 Bg4 15. h3 Bxf3 16. Qxf3 a6 17. Nc3 Qc5 18. Rxf6 Qxc4 19. Nd5 1/2-1/2

[Event "Rubinstein Memorial op-C 57th"]
[Site "Polanica Zdroj"]
[Date "2021.08.17"]
[Round "4"]
[White "Szylko, Waldemar"]
[Black "Kulon, Boguslaw"]
[Result "0-1"]
[WhiteElo "1919"]
[BlackElo "2117"]
[PlyCount "52"]
[EventDate "2021.08.14"]
[EventType "swiss"]
[EventRounds "9"]
[EventCountry "POL"]
[SourceTitle "EXT 2023"]
[Source "ChessBase"]
[SourceDate "2022.10.05"]
[SourceVersion "1"]
[SourceVersionDate "2022.10.05"]
[SourceQuality "1"]

1. e4 e6 2. d3 d5 3. Nd2 Nf6 4. e5 Nfd7 5. f4 f6 6. exf6 Qxf6 7. Nb3 c5 8. Nf3 Bd6 9. g3 0-0 10. Bg2 e5 11. 0-0 exf4 12. Bxf4 Bxf4 13. gxf4 Qd6 14. Ne5 Nf6 15. Qf3 Nc6 16. Rae1 Bf5 17. Qf2 b6 18. Qf3 Ne7 19. Re2 Rad8 20. Rfe1 Ng6 21. Qg3 Nh5 22. Qg5 Nhxf4 23. Rf2 Nxg2 24. Kxg2 Bh3+ 25. Kxh3 Rxf2 26. d4 Nf4+ 0-1

[Event "POL Cup op rapid"]
[Site "Lodz"]
[Date "2021.08.07"]
[Round "5"]
[White "Janik, Igor"]
[Black "Kulon, Boguslaw"]
[Result "1-0"]
[WhiteElo "2505"]
[BlackElo "2117"]
[PlyCount "92"]
[EventDate "2021.08.07"]
[EventType "swiss (rapid)"]
[EventRounds "9"]
[EventCountry "POL"]
[SourceTitle "CBM 203 Extra"]
[Source "ChessBase"]
[SourceDate "2021.09.30"]
[SourceVersion "1"]
[SourceVersionDate "2021.09.30"]
[SourceQuality "1"]

1. e4 e6 2. Qe2 c5 3. Nf3 Nc6 4. g3 Nf6 5. Bg2 d5 6. e5 Nd7 7. d3 Be7 8. h4 Qc7 9. Bf4 Nd4 10. Nxd4 cxd4 11. 0-0 Nb6 12. Rc1 Bd7 13. Nd2 h6 14. Nf3 Na4 15. Rab1 Qb6 16. Bd2 Rc8 17. c3 dxc3 18. bxc3 Qa6 19. Bf1 Ba3 20. Rc2 0-0 21. Nd4 f5 22. exf6 Rxf6 23. Nb3 Nc5 24. Be3 b6 25. Bd4 Rf7 26. Qe3 Na4 27. Be5 b5 28. Re1 Qb6 29. Bd4 Qb7 30. Bh3 e5 31. Bxd7 exd4 32. Bxc8 dxe3 33. Bxb7 exf2+ 34. Rxf2 Rxb7 35. Re8+ Kh7 36. h5 g5 37. hxg6+ Kxg6 38. Re6+ Kh7 39. Rff6 Nxc3 40. Rxh6+ Kg8 41. Reg6+ Kf7 42. Rh7+ Kxg6 43. Rxb7 a6 44. Rb6+ Kf5 45. Rxa6 Bb2 46. Nd4+ Kg4 1-0

[Event "Wroclaw Anderssen Memorial op"]
[Site "Wroclaw"]
[Date "2018.08.04"]
[Round "5"]
[White "Kulon, Boguslaw"]
[Black "Djuric, Stefan"]
[Result "0-1"]
[WhiteElo "2157"]
[BlackElo "2352"]
[PlyCount "74"]
[EventDate "2018.08.04"]
[EventType "swiss (rapid)"]
[EventRounds "13"]
[EventCountry "POL"]
[SourceTitle "CBM 185 Extra"]
[Source "ChessBase"]
[SourceDate "2018.07.29"]
[SourceVersion "1"]
[SourceVersionDate "2018.07.29"]
[SourceQuality "1"]

1. e4 g6 2. d4 Bg7 3. Nc3 d5 4. exd5 Nf6 5. Bb5+ Nbd7 6. Nf3 0-0 7. 0-0 Nb6 8. Re1 Nfxd5 9. Nxd5 Qxd5 10. c4 Nxc4 11. Bxc4 Qxc4 12. Rxe7 Bf6 13. Re1 Qd5 14. h3 Be6 15. Bf4 c6 16. Be5 Be7 17. Qe2 Rfe8 18. b3 f6 19. Bg3 Bb4 20. Qd3 Bxe1 21. Rxe1 Bf5 22. Rxe8+ Rxe8 23. Qc3 Be4 24. Ne1 Rd8 25. f3 Bb1 26. Bf2 Bxa2 27. b4 Re8 28. Nd3 g5 29. Nc5 Qc4 30. Qd2 Re2 31. Qd1 Qc2 32. Qxc2 Rxc2 33. Nxb7 Rc1+ 34. Kh2 Rb1 35. Nd8 Bd5 36. b5 Rxb5 37. Nf7 Kxf7 0-1

[Event "Latschach op 25th"]
[Site "Latschach"]
[Date "2009.08.15"]
[Round "9"]
[White "Reinwald, Patrick"]
[Black "Kulon, Boguslaw"]
[Result "1/2-1/2"]
[WhiteElo "2095"]
[BlackElo "2153"]
[PlyCount "108"]
[EventDate "2009.08.08"]
[EventType "swiss"]
[EventRounds "9"]
[EventCountry "AUT"]
[SourceTitle "CBM 131 Extra"]
[Source "ChessBase"]
[SourceDate "2009.09.03"]
[SourceVersion "2"]
[SourceVersionDate "2009.09.16"]
[SourceQuality "1"]

1. e4 e6 2. d4 d5 3. e5 c5 4. c3 Nc6 5. Nf3 Qb6 6. Be2 cxd4 7. cxd4 Nh6 8. b3 Nf5 9. Bb2 Bb4+ 10. Kf1 Be7 11. Nc3 0-0 12. g4 Nh4 13. Nxh4 Bxh4 14. Ba3 Be7 15. Bxe7 Nxe7 16. Na4 Qd8 17. Bd3 Nc6 18. h4 f6 19. g5 f5 20. Bb5 Ne7 21. Qd2 b6 22. f4 Bd7 23. Bxd7 Qxd7 24. Kf2 Rfc8 25. Rac1 Qb5 26. Ke3 Kf7 27. h5 Ke8 28. h6 g6 29. Rxc8+ Rxc8 30. Rc1 Rxc1 31. Qxc1 Kd7 32. Nb2 Qa5 33. Na4 Nc6 34. Qc3 Qb5 35. Qd3 Qb4 36. Qc3 Qb5 37. Qd3 Qxd3+ 38. Kxd3 Nb4+ 39. Kc3 Nxa2+ 40. Kb2 Nb4 41. Kc3 Na6 42. Nb2 Nc7 43. Nd1 a5 44. Ne3 Nb5+ 45. Kd3 Na7 46. Nf1 Ke7 47. Ng3 Kf7 48. Ne2 Nc8 49. Kc3 Ke8 50. Kb2 Kd7 51. Ka3 Kc6 52. Ka4 Kb7 53. Nc3 Na7 54. Nb5 Nc8 1/2-1/2

[Event "Marianske Lazne op"]
[Site "Marianske Lazne"]
[Date "2007.01.26"]
[Round "8"]
[White "Klaric, Zoran"]
[Black "Kulon, Boguslaw"]
[Result "1/2-1/2"]
[WhiteElo "2081"]
[BlackElo "2146"]
[PlyCount "48"]
[EventDate "2007.01.20"]
[EventType "swiss"]
[EventRounds "9"]
[EventCountry "CZE"]
[SourceTitle "EXT 2008"]
[Source "ChessBase"]
[SourceDate "2007.11.25"]
[SourceVersion "1"]
[SourceVersionDate "2007.11.25"]
[SourceQuality "1"]

1. d4 Nf6 2. Nf3 c5 3. d5 b5 4. Bg5 Ne4 5. Bf4 Bb7 6. Qd3 Qa5+ 7. Nbd2 Nxd2 8. Bxd2 Qb6 9. e4 e6 10. Bf4 c4 11. Qd2 Bc5 12. Bg3 0-0 13. Be2 exd5 14. exd5 d6 15. 0-0 Nd7 16. Nh4 Rac8 17. Rae1 Ne5 18. Bxe5 dxe5 19. Bg4 g6 20. d6 Bxd6 21. Qh6 Bc5 22. Bd7 Rcd8 23. Bxb5 Qxb5 24. Nf5 gxf5 1/2-1/2

[Event "Wroclaw-ch"]
[Site "Wroclaw"]
[Date "2004.??.??"]
[Round "2"]
[White "Bebel, Arkadiusz"]
[Black "Kulon, Boguslaw"]
[Result "1/2-1/2"]
[WhiteElo "2000"]
[BlackElo "2145"]
[PlyCount "38"]
[EventDate "2004.??.??"]
[EventType "swiss"]
[EventRounds "9"]
[EventCountry "POL"]
[SourceTitle "EXT 2007"]
[Source "ChessBase"]
[SourceDate "2006.11.23"]
[SourceVersion "1"]
[SourceVersionDate "2006.11.23"]
[SourceQuality "1"]

1. e4 e6 2. Nf3 d5 3. Nc3 Nf6 4. e5 Nfd7 5. d4 c5 6. dxc5 Nc6 7. Bf4 Bxc5 8. Bd3 Nb4 9. 0-0 Nxd3 10. cxd3 Be7 11. Rc1 a6 12. Re1 0-0 13. Nd4 Qb6 14. Nb3 f6 15. exf6 Nxf6 16. Be5 Bd7 17. d4 Rae8 18. h3 a5 19. Qd3 a4 1/2-1/2

[Event "Wroclaw-ch"]
[Site "Wroclaw"]
[Date "2004.??.??"]
[Round "6"]
[White "Kulon, Boguslaw"]
[Black "Janocha, Wieslaw Adam"]
[Result "0-1"]
[WhiteElo "2145"]
[BlackElo "2285"]
[PlyCount "74"]
[EventDate "2004.??.??"]
[EventType "swiss"]
[EventRounds "9"]
[EventCountry "POL"]
[SourceTitle "EXT 2007"]
[Source "ChessBase"]
[SourceDate "2006.11.23"]
[SourceVersion "1"]
[SourceVersionDate "2006.11.23"]
[SourceQuality "1"]

1. e4 c5 2. d4 cxd4 3. c3 dxc3 4. Nxc3 Nc6 5. Nf3 e6 6. Bc4 Nf6 7. Qe2 d6 8. 0-0 Qc7 9. Rd1 Be7 10. Bf4 e5 11. Bg5 0-0 12. Bxf6 Bxf6 13. Nb5 Qb6 14. Rxd6 Bg4 15. Rad1 Be7 16. R6d3 a6 17. Nc3 Nd4 18. Qe3 Bc5 19. Qg5 Qg6 20. Qxg6 hxg6 21. Nxe5 Bxd1 22. Rxd1 Rad8 23. Kf1 Rd6 24. Nd3 Ba7 25. e5 Rc6 26. Bd5 Rc7 27. Nf4 Re8 28. Re1 Kf8 29. Re4 g5 30. Nd3 f6 31. h4 f5 32. Re3 gxh4 33. Nf4 g5 34. Nh3 Ne6 35. Re1 g4 36. Bxe6 gxh3 37. Bxf5 h2 0-1

[Event "Wroclaw-ch"]
[Site "Wroclaw"]
[Date "2003.??.??"]
[Round "1"]
[White "Hodowany, Wojciech"]
[Black "Kulon, Boguslaw"]
[Result "1/2-1/2"]
[WhiteElo "1800"]
[BlackElo "2155"]
[PlyCount "86"]
[EventDate "2003.??.??"]
[EventType "swiss"]
[EventRounds "9"]
[EventCountry "POL"]
[SourceTitle "EXT 2007"]
[Source "ChessBase"]
[SourceDate "2006.11.23"]
[SourceVersion "1"]
[SourceVersionDate "2006.11.23"]
[SourceQuality "1"]

1. d4 Nf6 2. c4 e6 3. Nc3 Bb4 4. Nf3 c5 5. e3 0-0 6. Bd3 Nc6 7. a3 Bxc3+ 8. bxc3 d6 9. 0-0 e5 10. Nd2 cxd4 11. cxd4 exd4 12. exd4 Nxd4 13. Ne4 Bf5 14. Bb2 Bxe4 15. Bxe4 Ne6 16. Bxb7 Rb8 17. Bxf6 Qxf6 18. Rb1 Nf4 19. Qf3 h6 20. g3 Nh3+ 21. Kg2 Qxf3+ 22. Bxf3 Ng5 23. Bd5 Rfe8 24. Rb4 a5 25. Rb5 Rxb5 26. cxb5 Rb8 27. a4 Ne6 28. Rc1 Nc5 29. Rc4 Kf8 30. Kf3 Ke7 31. Ke3 g5 32. h4 f6 33. hxg5 hxg5 34. f4 Rh8 35. fxg5 fxg5 36. Kd4 Nb3+ 37. Ke3 Nc5 38. b6 Rb8 39. b7 Kf6 40. Kd4 Nb3+ 41. Ke3 Nc5 42. Kd4 Nb3+ 43. Ke3 Nc5 1/2-1/2

[Event "Wroclaw-ch"]
[Site "Wroclaw"]
[Date "2003.??.??"]
[Round "9"]
[White "Kot, Jerzy"]
[Black "Kulon, Boguslaw"]
[Result "1-0"]
[WhiteElo "2215"]
[BlackElo "2155"]
[PlyCount "29"]
[EventDate "2003.??.??"]
[EventType "swiss"]
[EventRounds "9"]
[EventCountry "POL"]
[SourceTitle "EXT 2007"]
[Source "ChessBase"]
[SourceDate "2006.11.23"]
[SourceVersion "1"]
[SourceVersionDate "2006.11.23"]
[SourceQuality "1"]

1. e4 e6 2. c4 d5 3. exd5 exd5 4. d4 Bb4+ 5. Nc3 Ne7 6. Nf3 Bg4 7. Be2 dxc4 8. 0-0 Bxf3 9. Bxf3 c6 10. Qe2 Qxd4 11. Rd1 Qf6 12. Ne4 Qg6 13. a3 Ba5 14. Bh5 Qe6 15. Bxf7+ 1-0

[Event "Wroclaw-ch"]
[Site "Wroclaw"]
[Date "2003.??.??"]
[Round "4"]
[White "Kulon, Boguslaw"]
[Black "Przezdziecka, Ewa"]
[Result "1/2-1/2"]
[WhiteElo "2155"]
[BlackElo "1970"]
[PlyCount "97"]
[EventDate "2003.??.??"]
[EventType "swiss"]
[EventRounds "9"]
[EventCountry "POL"]
[SourceTitle "EXT 2007"]
[Source "ChessBase"]
[SourceDate "2006.11.23"]
[SourceVersion "1"]
[SourceVersionDate "2006.11.23"]
[SourceQuality "1"]

1. Nf3 d5 2. d4 Nf6 3. c4 g6 4. cxd5 Nxd5 5. e4 Nb6 6. Nc3 Bg7 7. h3 0-0 8. a4 a5 9. Be3 c6 10. Qb3 Na6 11. Bxa6 Rxa6 12. Rd1 Qc7 13. 0-0 Rd8 14. Ng5 e6 15. f4 h6 16. Nf3 Qd6 17. Ne5 Qb4 18. Qa2 h5 19. f5 Bxe5 20. dxe5 Rxd1 21. Rxd1 exf5 22. Rd6 fxe4 23. Rxg6+ Kf8 24. Rd6 Be6 25. Rxe6 fxe6 26. Qxe6 Qe7 27. Qf5+ Qf7 28. Qxe4 Nd5 29. Bc5+ Kg7 30. e6 Qg6 31. Qd4+ Qf6 32. Nxd5 cxd5 33. Bf8+ Kg6 34. Qd3+ Qf5 35. Qg3+ Qg5 36. Qd3+ Qf5 37. Qg3+ Qg5 38. Qd3+ Qf5 39. e7 Qxd3 40. e8Q+ Kf5 41. Qxh5+ Ke6 42. Qe8+ Kf5 43. g4+ Kf4 44. Qf7+ Ke4 45. Qf5+ Kd4 46. Bg7+ Kc4 47. b3+ Qxb3 48. Qf4+ Kd3 49. Qf3+ 1/2-1/2